Inside Network Perimeter Security (Record no. 23352)
[ view plain ]
| 000 -LEADER | |
|---|---|
| fixed length control field | 00243nam a22000857a 4500 |
| 008 - FIXED-LENGTH DATA ELEMENTS--GENERAL INFORMATION | |
| fixed length control field | 130411b xxu||||| |||| 00| 0 eng d |
| 020 ## - INTERNATIONAL STANDARD BOOK NUMBER | |
| Terms of availability | Avalable |
| 245 ## - TITLE STATEMENT | |
| Title | Inside Network Perimeter Security |
| Statement of responsibility, etc. | Northcutt, Stephen. |
| 260 ## - PUBLICATION, DISTRIBUTION, ETC. | |
| Place of publication, distribution, etc. | India |
| Name of publisher, distributor, etc. | Pearson India |
| Date of publication, distribution, etc. | 2002 |
| Withdrawn status | Lost status | Source of classification or shelving scheme | Damaged status | Not for loan | Collection code | Permanent Location | Current Location | Shelving location | Date acquired | Full call number | Barcode | Date last seen | Price effective from | Koha item type |
|---|---|---|---|---|---|---|---|---|---|---|---|---|---|---|
| NUST Baluchistan Campus (NBC) | NUST Baluchistan Campus (NBC) | General Stacks | 04/11/2013 | 005.821NOR | RCMS000065 | 04/11/2013 | 04/11/2013 | Book |
